Statistics for Квиз о Мауританији

Click here to take the quiz!

General Stats

  • This quiz has been taken 11 times
  • The average score is 9 of 14

Answer Stats

ОписОдговор% Correct
Пустиња који прекрива највећи дио МауританијеСахара
100%
Највећа држава са којом се Мауританија граничиАлжир
100%
Ова спорна територија се граничи са МауританијомЗападна Сахара
100%
Званичан језикАрапски
88%
Држава од које је Мауританија добила независност 1960.Француска
88%
Држава са којом се Мауританија граничи на југу, такође је и име реке која чини границе ове две државеСенегал
88%
Мауританија је последња држава на свету која је укинула ову праксу, 1981. Али се нажалост практикује и данасРопство
75%
Проценат муслиманског становништва (заокружи на најближи цели број)100%
75%
Главни градНуакшот
63%
Регија на слово "М" у којој се Мауританија налазиМагреб
38%
Овај метал чини 45% извозаГвожђе
38%
Значење имена Мауританија (везано је за једну етничку групу)Земља {Мавара}
38%
Значење имена главног градаГрад {ветрова}
13%
"Мавретанија" је заправо назив једне провинције овог царства и првобитно се налазила доста северније{Римско} царство
13%

Score Distribution

Percentile by Number Answered

Percent of People with Each Score

Your Score History

You have not taken this quiz